|
|
|
|
| LEADER |
01723nam a2200421 a 4500 |
| 001 |
EBC3300154 |
| 003 |
MiAaPQ |
| 005 |
20200520144314.0 |
| 006 |
m o d | |
| 007 |
cr cn||||||||| |
| 008 |
070705s2008 maua sb 001 0 eng |
| 010 |
|
|
|z 2007027501
|
| 015 |
|
|
|a GBA790754
|2 bnb
|
| 016 |
7 |
|
|z 014276261
|2 Uk
|
| 020 |
|
|
|z 9780674026803 (cloth : alk. paper)
|
| 020 |
|
|
|z 0674026802 (cloth : alk. paper)
|
| 035 |
|
|
|a (MiAaPQ)EBC3300154
|
| 035 |
|
|
|a (Au-PeEL)EBL3300154
|
| 035 |
|
|
|a (CaPaEBR)ebr10313872
|
| 035 |
|
|
|a (OCoLC)432671594
|
| 040 |
|
|
|a MiAaPQ
|c MiAaPQ
|d MiAaPQ
|
| 043 |
|
|
|a a-cc---
|
| 050 |
|
4 |
|a HF5813.C5
|b W37 2008
|
| 082 |
0 |
4 |
|a 659.10951
|2 22
|
| 084 |
|
|
|a 85.40
|2 bcl
|
| 100 |
1 |
|
|a Wang, Jing,
|d 1950-
|
| 245 |
1 |
0 |
|a Brand new China
|h [electronic resource] :
|b advertising, media, and commercial culture /
|c Jing Wang.
|
| 260 |
|
|
|a Cambridge, Mass. :
|b Harvard University Press,
|c 2008.
|
| 300 |
|
|
|a xiii, 411 p. :
|b ill.
|
| 504 |
|
|
|a Includes bibliographical references (p. 357-392) and index.
|
| 505 |
0 |
|
|a Local content -- Positioning the new modern girl -- The synergy buzz and JV brands -- Storytelling and corporate branding -- Bourgeois bohemians in China? -- Hello Moto: youth culture and music marketing -- CCTV and advertising media.
|
| 533 |
|
|
|a Electronic reproduction. Ann Arbor, MI : ProQuest, 2015. Available via World Wide Web. Access may be limited to ProQuest affiliated libraries.
|
| 650 |
|
0 |
|a Advertising
|z China.
|
| 650 |
|
0 |
|a Marketing
|z China.
|
| 650 |
|
0 |
|a Brand name products
|z China.
|
| 655 |
|
4 |
|a Electronic books.
|
| 710 |
2 |
|
|a ProQuest (Firm)
|
| 856 |
4 |
0 |
|u https://ebookcentral.proquest.com/lib/matrademy/detail.action?docID=3300154
|z Click to View
|